00346nam a2200121Ia 4500008004100000245008300041260001700124260000900141300000900150650002300159650001200182856003000194170516s9999 xx 000 0 und d aAdvances in Ultrasound Mediated Gene Therapy Using Microbubble Contrast Agents bTheranostics c2012 a2:12 xMedical Technology xMedtech uhttp://www.thno.org/v2i12